000 00444nam a2200169Ia 4500
003 GCL
008 140319s9999 xx 000 0 ara d
040 _aGCL /
_cGCL
082 0 4 _a214
_bس ا
100 1 _aسيد قطب
245 1 0 _aالاسلام ومشكلات الحضارة /
_cسيد قطب
300 _a187 ص
490 _a100 قصة
_v0
650 0 4 _aالاسلام والحضارة
650 0 4 _aالاسلام
942 _2ddc
_cBK
999 _c45044
_d45044